Image

Дэлгэрэнгүй хайлт

Цахим шүүх ба шүүх эрх мэдлийн ирээдүй / (Record no. 32436)

MARC details
000 -LEADER
fixed length control field 01634nam a22002657a 4500
003 - CONTROL NUMBER IDENTIFIER
control field MN-UlLSGH
005 - DATE AND TIME OF LATEST TRANSACTION
control field 20260625154644.0
008 - FIXED-LENGTH DATA ELEMENTS--GENERAL INFORMATION
fixed length control field 260625b mp a|||| id|| 00| 0 mon d
020 ## - INTERNATIONAL STANDARD BOOK NUMBER
International Standard Book Number 9789919046194
Qualifying information хатуу хавтастай
040 ## - CATALOGING SOURCE
Transcribing agency MN-ULPAL
041 1# - LANGUAGE CODE
Language code of text/sound track or separate title mon
Language code of original eng
084 ## - OTHER CLASSIFICATION NUMBER
Classification number 67.71
Item number С11
100 1# - MAIN ENTRY--PERSONAL NAME
Personal name Сасскинд, Ричард.
Relator term зохиогч
9 (RLIN) 16398
245 1# - TITLE STATEMENT
Title Цахим шүүх ба шүүх эрх мэдлийн ирээдүй /
Statement of responsibility, etc. Орчуулсан : С.Цэрэндолгор ; Ерөнхий редактор : Ц.Цогт
260 ## - PUBLICATION, DISTRIBUTION, ETC.
Date of publication, distribution, etc. @2019
-- 2025
300 ## - PHYSICAL DESCRIPTION
Extent 390 хуудастай
Other physical details индекс, эшлэл зүүлт, нэмж унших материалын жагсаалттай
Dimensions 24 см
336 ## - CONTENT TYPE
Source rdacontent
Content type term text
Content type code txt
337 ## - MEDIA TYPE
Media type term rdamedia
Media type code unmediated
338 ## - CARRIER TYPE
Carrier type term volume
Carrier type code rdacarrier
520 ## - SUMMARY, ETC.
Summary, etc. Номонд шүүхийн хүртээмжийг хангах хамгийн сайн арга зам нь цахим шүүх болох тухай зохиогч хөндөн 30 гаруй жил судалгаа хийн, хэрэг хянан шийдвэрлэх ажиллагаа технологийн хүчээр хэрхэн хувирч өөрчлөгдөхийг тооцоолж, шүүхэд хандах эрхийн асуудалд дэлхий даяар шийдэл болохуйц санал дэвшүүлжээ.
650 #4 - SUBJECT ADDED ENTRY--TOPICAL TERM
Topical term or geographic name entry element шүүх
700 0# - ADDED ENTRY--PERSONAL NAME
Personal name Цэрэндолгор, Сайнтөрийн.
Relator term орчуулагч
9 (RLIN) 16399
700 0# - ADDED ENTRY--PERSONAL NAME
Personal name Цогт, Цэндийн.
Relator term ерөнхий редактор
9 (RLIN) 10363
942 ## - ADDED ENTRY ELEMENTS (KOHA)
Source of classification or shelving scheme Оросын ном зүйн ангилал
Koha item type Ном - Books
Suppress in OPAC No
Holdings
Withdrawn status Lost status Source of classification or shelving scheme Damaged status Not for loan Home library Current library Date acquired Cost, normal purchase price Inventory number Total Checkouts Full call number Barcode Date last seen Price effective from Koha item type
    Оросын ном зүйн ангилал     Парламентын номын сан - Үндсэн фонд Парламентын номын сан - Салбар 06/25/2026 70000.00 25270   67.71 С11 40454 06/25/2026 06/25/2026 Ном - Books
    Оросын ном зүйн ангилал     Парламентын номын сан - Үндсэн фонд Парламентын номын сан - Үндсэн фонд 06/25/2026 70000.00 25268   67.71 С11 40452 06/25/2026 06/25/2026 Ном - Books
    Оросын ном зүйн ангилал     Парламентын номын сан - Үндсэн фонд Парламентын номын сан - Үндсэн фонд 06/25/2026 70000.00 25269   67.71 С11 40453 06/25/2026 06/25/2026 Ном - Books